| 000 | 00749nac a22001691u 4500 | ||
|---|---|---|---|
| 008 | 080818s ua|||||r|||| 000 0 ara d | ||
| 020 | _a9777239602 | ||
| 020 | _a9777239599 | ||
| 082 |
_a229 _bزرق |
||
| 245 |
_aمناهل العرفان في علوم القرآن : _bطبق ما قرره مجلس الأزهر الاعلي في دراسة تخصص الكليات الأزهرية / _cمحمد عبد العظيم الزرقاني |
||
| 260 |
_a{القاهرة ؟} _bمطبعة عيسى البابي الحلبي وشركاه _c(19؟؟) |
||
| 300 |
_a2 مج ؛ _c24 سم. |
||
| 511 | _aCatalogued by: Sara | ||
| 541 |
_aألف باء ; _cشراء ; |
||
| 650 |
_913683 _aالقرآن، مباحث عامة |
||
| 942 |
_cBB _k229 ز ر ق _2ddc |
||
| 999 |
_c7391 _d7391 |
||